000 00234nam a22001097a 4500
082 _a003.5 SAP'C
100 _aSAPARINA, Y
_980664
245 _aCYBERNTICS WITH IN US
260 _aMOSCOW
_bPEACE
_c1966
300 _a313P
942 _cBK
999 _c585561
_d585561